[Event "Florianopolis op 4th"]
[Site "Florianopolis"]
[Date "2018.01.23"]
[Round "7"]
[White "Deus Filho, Joaquim"]
[Black "Fabrega, Enrique"]
[Result "1-0"]
[WhiteElo "1974"]
[BlackElo "2152"]
[PlyCount "65"]
[EventDate "2018.01.19"]
[EventType "swiss"]
[EventRounds "10"]
[EventCountry "BRA"]
[SourceTitle "EXT 2019"]
[Source "ChessBase"]
[SourceDate "2018.10.10"]
[SourceVersion "1"]
[SourceVersionDate "2018.10.10"]
[SourceQuality "1"]

1. e4 e5 2. Bc4 Qh4 3. Qe2 Nf6 4. Nc3 Be7 5. Nf3 Qh5 6. 0-0 d6 7. h3 Nc6 8. d3 0-0 9. a3 h6 10. Be3 g5 11. Nh2 Qg6 12. g4 Be6 13. f3 Kg7 14. Kf2 Nd4 15. Qd2 Bxc4 16. dxc4 Ne6 17. Rh1 c6 18. Nf1 Rfd8 19. Ng3 h5 20. Nf5+ Kf8 21. h4 gxh4 22. Nxh4 Nxg4+ 23. fxg4 Bxh4+ 24. Rxh4 Ke7 25. g5 f6 26. Rg1 Rg8 27. Rgh1 fxg5 28. Rxh5 Qf6+ 29. Ke1 Rh8 30. Rh7+ Rxh7 31. Rxh7+ Kf8 32. Qxd6+ Kg8 33. Re7 1-0

[Event "Villa Martelli ProAm op 23rd"]
[Site "Villa Martelli"]
[Date "2016.11.26"]
[Round "8"]
[White "Fabrega, Enrique"]
[Black "Bourgeois, William"]
[Result "1-0"]
[WhiteElo "2168"]
[BlackElo "1850"]
[PlyCount "131"]
[EventDate "2016.11.20"]
[EventType "swiss"]
[EventRounds "9"]
[EventCountry "ARG"]
[SourceTitle "CBM 175 Extra"]
[Source "ChessBase"]
[SourceDate "2016.12.12"]
[SourceVersion "1"]
[SourceVersionDate "2016.12.12"]
[SourceQuality "1"]

1. e4 e5 2. Nf3 Nc6 3. Bb5 a6 4. Ba4 Nf6 5. 0-0 Be7 6. Re1 b5 7. Bb3 d6 8. c3 0-0 9. a4 Bg4 10. h3 Bxf3 11. Qxf3 Na5 12. Bc2 c5 13. d3 b4 14. Nd2 Rb8 15. Nf1 bxc3 16. bxc3 Nb3 17. Bxb3 Rxb3 18. Nd2 Rb8 19. Nc4 Qc7 20. Bg5 Qc6 21. Qd1 h6 22. Bd2 Bd8 23. f4 Nd7 24. Qg4 Nf6 25. Qf3 Re8 26. Rf1 Qc7 27. g4 Nh7 28. Be3 f6 29. h4 Rf8 30. Qg2 exf4 31. Bxf4 Be7 32. Ne3 g5 33. Nd5 Qd7 34. Be3 Kg7 35. Rf5 Rb3 36. d4 Rfb8 37. Raf1 Rb1 38. a5 R8b2 39. Bf2 Rxf1+ 40. Qxf1 Qb7 41. Qd3 Bd8 42. dxc5 dxc5 43. Bxc5 Rb1+ 44. Kg2 Qb2+ 45. Rf2 Qc1 46. Rf1 Qxf1+ 47. Qxf1 Rxf1 48. Kxf1 Bxa5 49. h5 Kf7 50. Ke2 Bd8 51. Kd3 Nf8 52. Bxf8 Kxf8 53. Ne3 Kg7 54. c4 Bb6 55. Nf5+ Kh7 56. Kc3 Bc7 57. c5 Be5+ 58. Kc4 Bc7 59. c6 Ba5 60. Ne7 Kg7 61. Nd5 Kf7 62. c7 Bxc7 63. Nxc7 a5 64. Kd5 Ke7 65. Nb5 Kd7 66. Nd4 1-0

[Event "Villa Martelli ProAm op 23rd"]
[Site "Villa Martelli"]
[Date "2016.11.23"]
[Round "5"]
[White "Koch, Juan Enrique"]
[Black "Fabrega, Enrique"]
[Result "1/2-1/2"]
[WhiteElo "2037"]
[BlackElo "2168"]
[PlyCount "93"]
[EventDate "2016.11.20"]
[EventType "swiss"]
[EventRounds "9"]
[EventCountry "ARG"]
[SourceTitle "CBM 175 Extra"]
[Source "ChessBase"]
[SourceDate "2016.12.12"]
[SourceVersion "1"]
[SourceVersionDate "2016.12.12"]
[SourceQuality "1"]

1. c4 e5 2. Nc3 Nc6 3. Nf3 Nf6 4. e3 d6 5. d4 Be7 6. d5 Nb8 7. e4 Nbd7 8. Be2 0-0 9. 0-0 Re8 10. h3 Nf8 11. Be3 Ng6 12. Re1 Rf8 13. b4 Nh5 14. c5 Nhf4 15. Bf1 a5 16. a3 axb4 17. axb4 Rxa1 18. Qxa1 f5 19. Qa5 fxe4 20. Nd2 Nd3 21. Rb1 dxc5 22. bxc5 Bxc5 23. Bxc5 b6 24. Qa2 Nxc5 25. Ndxe4 Nxe4 26. Nxe4 Kh8 27. Rc1 Nf4 28. Bc4 Bf5 29. Ng3 h5 30. Ne2 Ng6 31. Ng3 Qg5 32. Rc3 Nf4 33. Bf1 Qe7 34. Nxf5 Rxf5 35. g3 Ng6 36. Qc2 e4 37. Rxc7 Qe5 38. Bg2 e3 39. fxe3 Qxe3+ 40. Kh2 Rg5 41. Rc3 Qe5 42. Be4 Rxg3 43. Rc8+ Kh7 44. Re8 Qf4 45. Rf8 Qd6 46. Rd8 Qe5 47. Re8 1/2-1/2

[Event "Latin Cup-A 6th"]
[Site "Buenos Aires"]
[Date "2015.03.19"]
[Round "1"]
[White "Fabrega, Enrique"]
[Black "Lopez, Cesar1111"]
[Result "1-0"]
[WhiteElo "2146"]
[BlackElo "1686"]
[PlyCount "77"]
[EventDate "2015.03.19"]
[EventType "swiss"]
[EventRounds "9"]
[EventCountry "ARG"]
[SourceTitle "CBM 165 Extra"]
[Source "ChessBase"]
[SourceDate "2015.04.21"]
[SourceVersion "1"]
[SourceVersionDate "2015.04.21"]
[SourceQuality "1"]

1. d4 e6 2. c4 d5 3. Nf3 Nf6 4. g3 c6 5. Bg2 Be7 6. Nc3 h6 7. 0-0 dxc4 8. Ne5 b5 9. Nxc6 Nxc6 10. Bxc6+ Bd7 11. Bxb5 Bxb5 12. Nxb5 0-0 13. Nc3 h5 14. Bg5 Rb8 15. Rb1 Nd5 16. Bxe7 Qxe7 17. e4 Nxc3 18. bxc3 h4 19. Qe2 hxg3 20. hxg3 Rbc8 21. Rb4 Qg5 22. Kg2 e5 23. Rxc4 Rcd8 24. Rc5 f6 25. Qc4+ Kh7 26. Rh1+ Kg6 27. f4 Qg4 28. f5+ Kg5 29. Qd3 Rb8 30. Qd2+ Qf4 31. gxf4+ exf4 32. Rf1 Kh6 33. Qxf4+ Kh7 34. Rc7 Rb2+ 35. Kf3 Kg8 36. Rg1 Rf7 37. Rxf7 Kxf7 38. Qc7+ Kg8 39. Qxg7# 1-0

[Event "Panama op 3rd"]
[Site "Panama City"]
[Date "2013.11.05"]
[Round "9"]
[White "Pazos Gambarrotti, Plinio Efrain"]
[Black "Fabrega, Enrique"]
[Result "1-0"]
[WhiteElo "2298"]
[BlackElo "2123"]
[PlyCount "105"]
[EventDate "2013.10.30"]
[EventType "swiss"]
[EventRounds "9"]
[EventCountry "PAN"]
[SourceTitle "EXT 2014"]
[Source "ChessBase"]
[SourceDate "2013.11.20"]
[SourceVersion "1"]
[SourceVersionDate "2013.11.20"]
[SourceQuality "1"]

1. e4 e5 2. Nf3 Nc6 3. d4 exd4 4. Bc4 Be7 5. c3 Nf6 6. e5 Ne4 7. Bd5 Nc5 8. cxd4 Na6 9. 0-0 Ncb4 10. Bb3 d5 11. Nc3 Be6 12. Be3 Nb8 13. Qd2 c6 14. Ng5 Bf5 15. f4 Nd7 16. a3 Na6 17. Nxd5 Bxg5 18. fxg5 Be6 19. g6 hxg6 20. Bg5 Qb8 21. Be7 cxd5 22. Bd6 Qd8 23. Rf3 f5 24. exf6 Nxf6 25. Qf4 Qd7 26. Re1 Kf7 27. Be5 Kg8 28. Bxf6 Rf8 29. Qg3 gxf6 30. Qxg6+ Qg7 31. Qxg7+ Kxg7 32. Rxe6 Nc7 33. Re7+ Rf7 34. Rxf7+ Kxf7 35. Rc3 Nb5 36. Bxd5+ Ke7 37. Rb3 Nxd4 38. Rxb7+ Kd6 39. Bf3 Nxf3+ 40. gxf3 a5 41. Rb5 a4 42. Rb4 Ra8 43. Kf2 Ke6 44. h4 Ra5 45. Kg3 Kf5 46. Rb8 Rc5 47. Rb4 Ra5 48. Rg4 Rb5 49. h5 Rxb2 50. h6 Rb8 51. h7 Rh8 52. Rg7 Ke5 53. Kg4 1-0

[Event "Panama op 3rd"]
[Site "Panama City"]
[Date "2013.11.04"]
[Round "8"]
[White "Fabrega, Enrique"]
[Black "Davila, Carlos"]
[Result "1-0"]
[WhiteElo "2123"]
[BlackElo "2334"]
[PlyCount "105"]
[EventDate "2013.10.30"]
[EventType "swiss"]
[EventRounds "9"]
[EventCountry "PAN"]
[SourceTitle "EXT 2014"]
[Source "ChessBase"]
[SourceDate "2013.11.20"]
[SourceVersion "1"]
[SourceVersionDate "2013.11.20"]
[SourceQuality "1"]

1. e4 g6 2. d4 Bg7 3. c4 d6 4. Nc3 Nc6 5. Be3 e5 6. d5 Nce7 7. c5 f5 8. f3 Nf6 9. Bd3 0-0 10. Rc1 fxe4 11. Bxe4 Nf5 12. Bxf5 gxf5 13. Nge2 b6 14. c6 f4 15. Bf2 Qe8 16. 0-0 Qh5 17. Ne4 Nxe4 18. fxe4 Rf6 19. Qd3 Rg6 20. Kh1 a5 21. Rc2 Rh6 22. Bg1 Bg4 23. Nc3 Rf8 24. Rf3 Bf6 25. Nb5 Rf7 26. Rc3 Bh4 27. h3 Be1 28. Rc1 Bxf3 29. Qxf3 Qxf3 30. gxf3 Bd2 31. Rc2 Be3 32. Rg2+ Kf8 33. Kh2 Rg6 34. Rxg6 hxg6 35. Kg2 Kg7 36. Bf2 Bxf2 37. Kxf2 Kf6 38. a4 Rh7 39. Kg2 Kg5 40. Kh2 Kh4 41. Kg2 Rh5 42. Nxc7 Rg5+ 43. Kf2 Kxh3 44. Nb5 Rg2+ 45. Ke1 Rxb2 46. Nxd6 Rc2 47. Nb5 Kg2 48. d6 Kxf3 49. d7 Re2+ 50. Kd1 Kf2 51. d8Q Re1+ 52. Kc2 Re2+ 53. Kb3 1-0

[Event "Buenos Aires Bolivar op 4th"]
[Site "Buenos Aires"]
[Date "2011.06.21"]
[Round "7"]
[White "Driz, Ivan"]
[Black "Fabrega, Enrique"]
[Result "1/2-1/2"]
[WhiteElo "1999"]
[BlackElo "2215"]
[PlyCount "58"]
[EventDate "2011.06.13"]
[EventType "swiss"]
[EventRounds "9"]
[EventCountry "ARG"]
[SourceTitle "EXT 2014"]
[Source "ChessBase"]
[SourceDate "2013.11.20"]
[SourceVersion "1"]
[SourceVersionDate "2013.11.20"]
[SourceQuality "1"]

1. e4 e5 2. Nf3 Nc6 3. d4 exd4 4. Bc4 Qf6 5. 0-0 d6 6. Bg5 Qg6 7. Qd2 Be7 8. Bxe7 Ngxe7 9. Qf4 0-0 10. Na3 a6 11. e5 Bh3 12. Nh4 Qg4 13. Qxg4 Bxg4 14. exd6 cxd6 15. h3 Be6 16. Rfd1 b5 17. Be2 Rfc8 18. Nf3 d5 19. Nxd4 b4 20. Nxe6 fxe6 21. Nb1 Ne5 22. c3 a5 23. f4 Nc4 24. Bxc4 Rxc4 25. g3 Nf5 26. Rd3 Rb8 27. Nd2 Rc6 28. g4 Nh4 29. Nb3 bxc3 1/2-1/2

[Event "Villa del Parque ITT"]
[Site "Villa del Parque"]
[Date "1998.??.??"]
[Round "2"]
[White "Fabrega, Enrique"]
[Black "Ferrara, Alexis"]
[Result "1/2-1/2"]
[WhiteElo "2270"]
[BlackElo "2145"]
[PlyCount "94"]
[EventDate "1998.??.??"]
[EventType "tourn"]
[EventRounds "14"]
[EventCountry "ARG"]
[EventCategory "2"]
[SourceTitle "EXT 2001"]
[Source "ChessBase"]
[SourceDate "2000.11.22"]
[SourceVersion "1"]
[SourceVersionDate "2000.11.22"]
[SourceQuality "1"]

1. e4 e5 2. Nf3 Nf6 3. d4 exd4 4. e5 Ne4 5. Qxd4 d5 6. exd6 Nxd6 7. Bg5 Nc6 8. Qe3+ Be7 9. Nc3 0-0 10. 0-0-0 Bg4 11. Bxe7 Qxe7 12. Nd5 Qxe3+ 13. fxe3 Ne4 14. Rg1 Rac8 15. Bb5 Rfe8 16. a3 h6 17. Nb4 Re6 18. Bc4 Rd6 19. Nxc6 bxc6 20. Rd4 Re8 21. c3 c5 22. Rd5 Nf6 23. Rxd6 cxd6 24. Re1 d5 25. Bb5 Re7 26. h3 Bh5 27. Bd3 a5 28. g4 Bg6 29. Bxg6 fxg6 30. Kc2 a4 31. c4 dxc4 32. Nd2 h5 33. Nxc4 hxg4 34. hxg4 Re4 35. Nd6 Re6 36. Nb5 Nxg4 37. e4 Ne5 38. Nc3 g5 39. Nxa4 g4 40. Nxc5 Rc6 41. b4 Nd7 42. Rg1 Nxc5 43. bxc5 Rxc5+ 44. Kb3 Kf7 45. a4 Ke6 46. Kb4 Kd6 47. a5 Kc6 1/2-1/2

[Event "Buenos Aires CC Jaque Mate 68 ann"]
[Site "Buenos Aires"]
[Date "1995.??.??"]
[Round "1"]
[White "Asensio, Enrique"]
[Black "Fabrega, Enrique"]
[Result "1/2-1/2"]
[WhiteElo "2240"]
[BlackElo "2275"]
[PlyCount "40"]
[EventDate "1995.??.??"]
[EventType "tourn"]
[EventRounds "15"]
[EventCountry "ARG"]
[SourceTitle "EXT 2004"]
[Source "ChessBase"]
[SourceDate "2003.11.25"]
[SourceVersion "1"]
[SourceVersionDate "2003.11.25"]
[SourceQuality "1"]

1. d4 Nf6 2. c4 c5 3. d5 e6 4. Nc3 exd5 5. cxd5 d6 6. Nf3 g6 7. g3 Bg7 8. Bg2 0-0 9. 0-0 a6 10. a4 Re8 11. Nd2 Nbd7 12. Qb3 Rb8 13. Nc4 Ne5 14. Nb6 Nfd7 15. Nxc8 Qxc8 16. a5 b5 17. axb6 Nxb6 18. Qa2 Qc7 19. Bg5 Ra8 20. Qb3 Ned7 1/2-1/2